000
00288nam a22001337a 4500
008
170216b xxu||||| |||| 00| 0 eng d
020
_a
9781437744507
041
_a
eng
080
_2
6TH
_a
615
100
_a
5
101
_a
SHF
245
_a
DRUGS IN SOCIETY
_c
LYMAN, M.D
942
_2
udc
_c
BK
999
_c
5740
_d
5740